[Event "EU-ch (Women) 24th"]
[Site "Rhodes"]
[Date "2024.04.27"]
[Round "8"]
[White "Osmak, Iulija"]
[Black "Daulyte Cornette, Deimante"]
[Result "1-0"]
[WhiteElo "2459"]
[BlackElo "2381"]
[PlyCount "131"]
[EventDate "2024.04.19"]
[EventType "swiss"]
[EventRounds "10"]
[EventCountry "GRE"]
[SourceTitle "CB18_2024"]
[SourceDate "2024.05.01"]
[SourceVersion "1"]
[SourceVersionDate "2024.05.01"]
[SourceQuality "2"]

1. c4 e6 2. Nc3 d5 3. d4 Nf6 4. cxd5 exd5 5. Bg5 c6 6. e3 h6 7. Bh4 Be7 8. Bd3 0-0 9. Nge2 Ne8 10. Bg3 Nd6 11. Qc2 Re8 12. 0-0 Bf8 13. b4 Nd7 14. b5 Nb6 15. bxc6 bxc6 16. Na4 Nxa4 17. Qxa4 Bd7 18. Qc2 Ne4 19. Bxe4 Rxe4 20. Rab1 Bf5 21. Rb2 Qd7 22. Qa4 Ree8 23. Rc1 Rec8 24. Nf4 Bd6 25. h3 Rab8 26. Rxb8 Bxb8 27. Qa6 Kh7 28. Ne2 Bxg3 29. Nxg3 Bg6 30. Ne2 Bf5 31. Rc3 Qc7 32. Rb3 Rb8 33. Rxb8 Qxb8 34. Nc3 Qb6 35. Qxb6 axb6 36. Na4 b5 37. Nc5 h5 38. h4 Kg6 39. a3 Kf6 40. Kh2 Ke7 41. Kg3 Bc2 42. Kf4 f6 43. f3 Kd6 44. Na6 Bb1 45. Kg3 Ke6 46. Kf2 Kd6 47. Nc5 Bf5 48. Ke2 Kc7 49. Kd2 Kd6 50. Kc3 g5 51. g3 g4 52. f4 Kc7 53. Kb4 Kd6 54. Ka5 Kc7 55. Ka6 Bc8+ 56. Ka7 Bf5 57. Na6+ Kd6 58. Kb7 Bd7 59. Nc5 Bf5 60. Kb8 Bd7 61. Nb7+ Ke6 62. Kc7 Be8 63. Nc5+ Ke7 64. f5 Kf8 65. Kd6 Kf7 66. Ne6 1-0

[Event "Titled Tuesday intern op 02nd Apr Early"]
[Site "Chess.com INT"]
[Date "2024.04.02"]
[Round "9"]
[White "Efimenko, Zahar"]
[Black "Osmak, Iulija"]
[Result "1-0"]
[WhiteElo "2565"]
[BlackElo "2459"]
[PlyCount "93"]
[EventDate "2024.04.02"]
[EventType "swiss (blitz)"]
[EventRounds "11"]
[EventCountry "USA"]
[SourceTitle "CB15_2024"]
[SourceDate "2024.04.10"]
[SourceVersion "1"]
[SourceVersionDate "2024.04.10"]
[SourceQuality "1"]

1. Nf3 g6 2. g3 Bg7 3. d4 d6 4. Bg2 Nc6 5. 0-0 e5 6. dxe5 Nxe5 7. Nxe5 Bxe5 8. c4 Bg7 9. Nc3 Ne7 10. Bg5 f6 11. Bf4 Be6 12. Bxb7 Rb8 13. Bg2 Rxb2 14. Nb5 Bxc4 15. Qc1 Rxb5 16. Qxc4 Rc5 17. Qb3 d5 18. Rac1 Rxc1 19. Rxc1 0-0 20. Bxc7 Qd7 21. Bf4 Kh8 22. Rc7 Qe6 23. Qe3 Qxe3 24. Bxe3 Nf5 25. Bxa7 d4 26. a4 Re8 27. Bf3 Bf8 28. a5 Bd6 29. Rd7 Bb4 30. a6 Re6 31. Bb6 Rxb6 32. a7 Ra6 33. a8Q+ Rxa8 34. Bxa8 Bc3 35. Rf7 Kg8 36. Bd5 Kh8 37. Kg2 Nh6 38. Rd7 Ng4 39. h3 Ne5 40. Rc7 h5 41. f4 d3 42. exd3 Nxd3 43. Rxc3 Nb4 44. Be4 Kg7 45. Rc4 Na6 46. Bb7 Nb8 47. Rd4 1-0

[Event "Swiss Queens Wed #8"]
[Site "FIDE Online Arena INT"]
[Date "2024.03.20"]
[Round "11"]
[White "Kosteniuk, Alexandra"]
[Black "Osmak, Iulija"]
[Result "0-1"]
[WhiteElo "2501"]
[BlackElo "2452"]
[PlyCount "146"]
[EventDate "2024.03.20"]
[EventType "swiss (blitz)"]
[EventRounds "11"]
[EventCountry "NET"]
[SourceTitle "CB13_2024"]
[SourceDate "2024.03.27"]
[SourceVersion "1"]
[SourceVersionDate "2024.03.27"]
[SourceQuality "1"]

1. Nf3 d5 2. g3 Nd7 3. d4 Nb6 4. Bg2 Bf5 5. Nh4 Bg4 6. h3 Bh5 7. g4 e6 8. Nf3 Bg6 9. Nc3 Nf6 10. Ne5 Bd6 11. 0-0 c5 12. f4 cxd4 13. Nb5 0-0 14. Nxd6 Qxd6 15. Nxg6 hxg6 16. Qxd4 Rac8 17. c3 Rc4 18. Qd3 Ne4 19. Be3 Rfc8 20. Bd4 Nc5 21. Qd2 Ne4 22. Qe3 f5 23. Rad1 R4c6 24. Bxe4 fxe4 25. b3 Nd7 26. c4 b6 27. cxd5 exd5 28. Rd2 Rc2 29. Rfd1 Rxd2 30. Qxd2 Nf8 31. Be5 Qc5+ 32. Kg2 Rd8 33. Qb2 Ne6 34. f5 gxf5 35. gxf5 d4 36. Bg3 Qxf5 37. Rf1 Qg6 38. Qc2 d3 39. exd3 exd3 40. Qd2 Rc8 41. Qe3 Rc2+ 42. Rf2 Rxf2+ 43. Kxf2 Qf5+ 44. Ke1 Qd5 45. Kd2 Nc5 46. Be1 Ne4+ 47. Kd1 Qh5+ 48. Kc1 Qd5 49. Kd1 Kh7 50. Bd2 Qh5+ 51. Kc1 Qe2 52. Qxe2 dxe2 53. Be1 Ng5 54. Kd2 Nxh3 55. Kxe2 Kg6 56. Bg3 Kf5 57. Bb8 a6 58. a4 b5 59. axb5 axb5 60. Kd3 g5 61. Kc3 g4 62. Bg3 Ke4 63. Kb4 Kf3 64. Bh4 Nf4 65. Kxb5 Ng2 66. Be7 g3 67. Bd6 Nf4 68. Bc5 g2 69. Kc6 Nh3 70. b4 Nf2 71. b5 g1Q 72. b6 Qg6+ 73. Kc7 Qc2 0-1

[Event "Titled Tuesday intern op 12th Mar Early"]
[Site "Chess.com INT"]
[Date "2024.03.12"]
[Round "3"]
[White "Osmak, Iulija"]
[Black "Arabidze, Meri"]
[Result "1/2-1/2"]
[WhiteElo "2452"]
[BlackElo "2458"]
[PlyCount "102"]
[EventDate "2024.03.12"]
[EventType "swiss (blitz)"]
[EventRounds "11"]
[EventCountry "USA"]
[SourceTitle "CB12_2024"]
[SourceDate "2023.10.01"]
[SourceVersion "1"]
[SourceVersionDate "2023.10.01"]
[SourceQuality "1"]

1. e4 e5 2. Nf3 Nc6 3. Nc3 Nf6 4. Bb5 Bb4 5. 0-0 0-0 6. Bxc6 dxc6 7. d3 Nd7 8. Ne2 Re8 9. Ng3 Bf8 10. Be3 c5 11. Nd2 b6 12. f4 exf4 13. Bxf4 Ne5 14. Kh1 Ng6 15. Be3 Bd6 16. Nf5 Bxf5 17. Rxf5 Be5 18. Rb1 Bd4 19. Bxd4 cxd4 20. Qh5 c5 21. Rbf1 f6 22. Nc4 Qe7 23. a4 Qe6 24. R5f3 Ne5 25. Nxe5 Qxe5 26. Rf5 Qe6 27. Rd5 Rad8 28. Rxd8 Rxd8 29. b3 Re8 30. h3 Qe5 31. Qg4 Qe6 32. Rf5 g6 33. Rd5 Qxg4 34. hxg4 Kf7 35. a5 Ke6 36. Kh2 Rc8 37. axb6 axb6 38. Kg3 h6 39. Kf3 Ra8 40. b4 Rc8 41. bxc5 bxc5 42. Ke2 Rc6 43. Kd2 Rc7 44. Kc1 c4 45. Rxd4 cxd3 46. Rxd3 Ke5 47. Rh3 Rh7 48. Rf3 Rf7 49. Rh3 Rh7 50. Rf3 Rf7 51. Rh3 Rh7 1/2-1/2

[Event "Titled Tuesday intern op 27th Feb Late"]
[Site "Chess.com INT"]
[Date "2024.02.27"]
[Round "8"]
[White "Stanojevic, Ilija"]
[Black "Osmak, Iulija"]
[Result "0-1"]
[WhiteElo "2209"]
[BlackElo "2452"]
[PlyCount "100"]
[EventDate "2024.02.27"]
[EventType "swiss (blitz)"]
[EventRounds "11"]
[EventCountry "USA"]
[SourceTitle "CB10_2024"]
[SourceDate "2024.03.06"]
[SourceVersion "1"]
[SourceVersionDate "2024.03.06"]
[SourceQuality "1"]

1. d4 Nc6 2. g3 e5 3. dxe5 Nxe5 4. Bg2 Nf6 5. f4 Neg4 6. h3 Nh6 7. g4 Nhg8 8. e4 Bc5 9. e5 Nh5 10. gxh5 Qh4+ 11. Kd2 Qxf4+ 12. Kc3 Qb4+ 13. Kd3 Qd4+ 14. Ke2 Qf2+ 15. Kd3 Qxg2 16. Qf3 Qxf3+ 17. Nxf3 d6 18. Bf4 Bf5+ 19. Kc3 0-0-0 20. Nbd2 Ne7 21. Kb3 Be6+ 22. c4 b5 23. Rac1 Nc6 24. exd6 Na5+ 25. Kc2 Nxc4 26. Nxc4 Bxc4 27. dxc7 Bd3+ 28. Kb3 Rd5 29. Ne5 Bd6 30. Nxf7 Bxf4 31. Nxh8 Bc4+ 32. Rxc4 bxc4+ 33. Kxc4 Rf5 34. Rg1 Be5 35. h6 g5 36. h4 Bxh8 37. hxg5 Bxb2 38. g6 hxg6 39. Rxg6 Rh5 40. Kb3 Be5 41. a4 Bxc7 42. Rg8+ Kb7 43. Rg6 a5 44. Kc4 Bb6 45. Kb3 Rh4 46. Ka3 Rh3+ 47. Kb2 Be3 48. Rg7+ Kb6 49. h7 Bd4+ 50. Kc2 Bxg7 0-1

[Event "Swiss Queens Wed #4"]
[Site "FIDE Online Arena INT"]
[Date "2024.02.21"]
[Round "3"]
[White "Bodnaruk, Anastasia"]
[Black "Osmak, Iulija"]
[Result "1/2-1/2"]
[WhiteElo "2340"]
[BlackElo "2452"]
[PlyCount "74"]
[EventDate "2024.02.21"]
[EventType "swiss (blitz)"]
[EventRounds "11"]
[EventCountry "NET"]
[SourceTitle "CB09_2024"]
[SourceDate "2024.02.28"]
[SourceVersion "1"]
[SourceVersionDate "2024.02.28"]
[SourceQuality "1"]

1. e4 e6 2. d4 d5 3. e5 c5 4. c3 Nc6 5. Nf3 Bd7 6. Be2 Nge7 7. Na3 Nf5 8. Nc2 cxd4 9. cxd4 Qb6 10. 0-0 Be7 11. g4 Nh4 12. Nxh4 Bxh4 13. b3 Be7 14. f4 0-0 15. Be3 f6 16. Bd3 fxe5 17. fxe5 Rxf1+ 18. Qxf1 Rf8 19. Qh3 g6 20. Rf1 Rxf1+ 21. Qxf1 Nb4 22. Nxb4 Qxb4 23. Qc1 Qb6 24. Kg2 Qc6 25. Qxc6 Bxc6 26. Kg3 Kf7 27. h4 a6 28. h5 Bb5 29. Bxb5 axb5 30. Kf3 Bb4 31. Ke2 Ke7 32. Kd3 Kd7 33. Bd2 Be7 34. Kc3 Kc6 35. Kd3 Kd7 36. Kc3 Bd8 37. Kd3 Be7 1/2-1/2